[Event "Asian Games tt (Women)"]
[Site "Hangzhou"]
[Date "2023.10.02"]
[Round "4.6"]
[White "Kamalidenova, Meruert"]
[Black "Vo, Thi Kim Phung"]
[Result "1-0"]
[WhiteElo "2351"]
[BlackElo "2348"]
[PlyCount "127"]
[EventDate "2023.09.29"]
[EventType "team-tourn"]
[EventRounds "9"]
[EventCountry "CHN"]
[SourceTitle "EXT 2024"]
[Source "ChessBase"]
[SourceDate "2023.10.10"]
[SourceVersion "1"]
[SourceVersionDate "2023.10.10"]
[SourceQuality "1"]
[WhiteTeam "Kazakhstan (W)"]
[BlackTeam "Vietnam (W)"]
[WhiteTeamCountry "KAZ"]
[BlackTeamCountry "VIE"]

1. e4 e6 2. d4 d5 3. Nc3 Bb4 4. e5 c5 5. a3 Bxc3+ 6. bxc3 Qc7 7. Nf3 Nc6 8. a4 Qa5 9. Bd2 c4 10. Be2 h6 11. h4 Nge7 12. 0-0 Bd7 13. Bc1 0-0-0 14. Qd2 f6 15. Ba3 h5 16. Rfe1 Nf5 17. Bf1 Nh6 18. g3 Ng4 19. Bh3 Rde8 20. Bxg4 hxg4 21. Nh2 f5 22. f4 gxf3 23. Nxf3 Nd8 24. Bb4 Qa6 25. a5 Nf7 26. Kg2 Qc6 27. Bc5 Kb8 28. Reb1 Qc8 29. Qc1 a6 30. Rb6 Ka8 31. Ng5 Nh6 32. Rd6 Bc6 33. Rb1 f4 34. Qxf4 Nf5 35. Rxe6 Rxe6 36. Qxf5 Ree8 37. Qxc8+ Rxc8 38. Rf1 Ba4 39. Rf7 g6 40. Ne6 Bxc2 41. Kf2 Be4 42. Bd6 Rc6 43. Nc5 Bf5 44. Nxb7 Be6 45. Rg7 Rg8 46. Rh7 Bf5 47. Nc5 Re8 48. Na4 Rb8 49. Bxb8 Kxb8 50. Nb6 Be4 51. Ke3 Re6 52. Nd7+ Kc8 53. Nc5 Re8 54. Nxe4 dxe4 55. Kxe4 Rf8 56. d5 Rf1 57. e6 Rd1 58. Ke5 Rd3 59. Kd6 Rxc3 60. Kc6 Kb8 61. e7 Re3 62. Rh8+ Ka7 63. e8R Rxe8 64. Rxe8 1-0

[Event "Hanoi GM"]
[Site "Hanoi"]
[Date "2023.05.26"]
[Round "9"]
[White "Siddharth, Jagadeesh"]
[Black "Vo, Thi Kim Phung"]
[Result "1-0"]
[WhiteElo "2381"]
[BlackElo "2351"]
[PlyCount "65"]
[EventDate "2023.05.22"]
[EventType "schev"]
[EventRounds "9"]
[EventCountry "VIE"]
[SourceTitle "CBM 214 Extra"]
[Source "ChessBase"]
[SourceDate "2023.07.31"]
[SourceVersion "1"]
[SourceVersionDate "2023.07.31"]
[SourceQuality "1"]

1. d4 Nf6 2. Bg5 e6 3. e4 d6 4. Nc3 Nbd7 5. Nf3 Be7 6. Bc4 e5 7. 0-0 c6 8. a4 0-0 9. h3 Qa5 10. Qd2 Qb4 11. Ba2 a5 12. Rfe1 Re8 13. Be3 Bd8 14. Rad1 Bc7 15. Qc1 Bb8 16. Bb3 exd4 17. Bxd4 Nc5 18. Bxf6 gxf6 19. Qh6 Nxb3 20. cxb3 Ba7 21. e5 fxe5 22. Ne4 Re6 23. Nf6+ Rxf6 24. Qxf6 Be6 25. Ng5 Bd5 26. Re4 Qxe4 27. Nxe4 Bxe4 28. Rxd6 Bb6 29. h4 Bg6 30. Qg5 Bc5 31. Rd7 Kf8 32. h5 Bc2 33. Qxe5 1-0

[Event "Hanoi GM"]
[Site "Hanoi"]
[Date "2023.05.24"]
[Round "6"]
[White "Vo, Thi Kim Phung"]
[Black "Priasmoro, Novendra"]
[Result "1/2-1/2"]
[WhiteElo "2351"]
[BlackElo "2504"]
[PlyCount "75"]
[EventDate "2023.05.22"]
[EventType "schev"]
[EventRounds "9"]
[EventCountry "VIE"]
[SourceTitle "CBM 214 Extra"]
[Source "ChessBase"]
[SourceDate "2023.07.31"]
[SourceVersion "1"]
[SourceVersionDate "2023.07.31"]
[SourceQuality "1"]

1. d4 Nf6 2. c4 e6 3. Nc3 Bb4 4. Nf3 0-0 5. e3 d5 6. Be2 b6 7. 0-0 dxc4 8. Bxc4 Bb7 9. Bd2 a6 10. a3 Bd6 11. Qe2 Nbd7 12. Rad1 c5 13. e4 cxd4 14. Nxd4 Qc7 15. Nf3 Ne5 16. Nxe5 Bxe5 17. f4 Bxc3 18. Bxc3 Nxe4 19. Be5 Qc6 20. Qg4 g6 21. Qe2 Rad8 22. Bd3 Nc5 23. Bb1 a5 24. Rfe1 Ba6 25. Qf2 Rxd1 26. Rxd1 f6 27. Bc3 Na4 28. Bd4 e5 29. Ba2+ Bc4 30. Qc2 exd4 31. Qxc4+ Qxc4 32. Bxc4+ Kg7 33. b3 b5 34. Bf1 Nc3 35. Rxd4 Rf7 36. a4 bxa4 37. bxa4 Rb7 38. Rc4 1/2-1/2

[Event "Hanoi GM"]
[Site "Hanoi"]
[Date "2023.05.22"]
[Round "2"]
[White "Pham, Tran Gia Phuc"]
[Black "Vo, Thi Kim Phung"]
[Result "1-0"]
[WhiteElo "2323"]
[BlackElo "2351"]
[PlyCount "67"]
[EventDate "2023.05.22"]
[EventType "schev"]
[EventRounds "9"]
[EventCountry "VIE"]
[SourceTitle "CBM 214 Extra"]
[Source "ChessBase"]
[SourceDate "2023.07.31"]
[SourceVersion "1"]
[SourceVersionDate "2023.07.31"]
[SourceQuality "1"]

1. d4 Nf6 2. Bf4 d5 3. Nf3 c5 4. e3 Nc6 5. Nbd2 Qb6 6. dxc5 Qxc5 7. a3 Bg4 8. c4 e5 9. Bg5 Ne4 10. b4 Qd6 11. Nxe4 dxe4 12. Qxd6 Bxd6 13. Nd2 f6 14. Nxe4 Bxb4+ 15. axb4 Nxb4 16. Rb1 0-0-0 17. f3 Nc2+ 18. Kf2 Bf5 19. Bh4 h5 20. Rb2 Na3 21. Be2 Bxe4 22. fxe4 g5 23. Ra1 Nxc4 24. Bxc4 Kb8 25. Bxg5 fxg5 26. Ra5 Rhe8 27. Ke2 b6 28. Rd5 Rc8 29. Kd3 Rc7 30. Rc2 Rce7 31. Ba6 Rc7 32. Bb5 Ree7 33. Rf2 Kb7 34. Rf5 1-0

[Event "Asia zt 3.3 (Women)"]
[Site "Jakarta"]
[Date "2023.05.08"]
[Round "3"]
[White "Vo, Thi Kim Phung"]
[Black "Sukandar, Irine Kharisma"]
[Result "1/2-1/2"]
[WhiteElo "2351"]
[BlackElo "2390"]
[PlyCount "180"]
[EventDate "2023.05.06"]
[EventType "swiss"]
[EventRounds "9"]
[EventCountry "INA"]
[SourceTitle "CBM 214 Extra"]
[Source "ChessBase"]
[SourceDate "2023.07.31"]
[SourceVersion "1"]
[SourceVersionDate "2023.07.31"]
[SourceQuality "1"]

1. e4 e5 2. Nf3 Nc6 3. Bc4 Nf6 4. d4 exd4 5. e5 d5 6. Bb5 Ne4 7. Nxd4 Bc5 8. Be3 Bxd4 9. Qxd4 0-0 10. Bxc6 bxc6 11. Nc3 Bf5 12. 0-0-0 f6 13. Nxe4 Bxe4 14. f3 fxe5 15. Qxe5 Bf5 16. h4 Qd6 17. Qxd6 cxd6 18. Rhe1 Rab8 19. a3 Rb7 20. Bg5 Rfb8 21. b3 Kf7 22. g4 Be6 23. Rd4 Re8 24. Ra4 h6 25. Bf4 Ke7 26. g5 hxg5 27. Bxg5+ Kd7 28. Be3 c5 29. Ra6 Rf8 30. Bxc5 dxc5 31. Rexe6 d4 32. Rad6+ Kc8 33. Re5 Rc7 34. Rdd5 c4 35. bxc4 Rxf3 36. Rxd4 Rxa3 37. Kb2 Rh3 38. Re8+ Kb7 39. Rg4 Kc6 40. Re6+ Kc5 41. Re5+ Kd6 42. Reg5 Rb7+ 43. Kc1 Kc6 44. Rd5 Re7 45. h5 Rh2 46. Kb2 Rh3 47. Rg6+ Kc7 48. c3 Kc8 49. Rc6+ Kb7 50. Rcd6 Kc7 51. Kb3 Rxh5 52. Ra6 Kb7 53. Rxa7+ Kxa7 54. Rxh5 Kb6 55. Kb4 Kc6 56. Rc5+ Kd6 57. Rb5 Kc6 58. Rc5+ Kd6 59. Rd5+ Kc6 60. Kb3 Rb7+ 61. Kc2 Rd7 62. Rg5 Kb6 63. Rd5 Kc6 64. Rd4 Rf7 65. Kd2 Kc5 66. Ke3 Rf1 67. Rg4 Rf7 68. Kd3 Rf3+ 69. Kc2 Rf7 70. Rd4 Rf1 71. Rd7 g5 72. Rc7+ Kd6 73. Rg7 Rg1 74. Kd3 Rg3+ 75. Kc2 Rg1 76. Rg8 g4 77. Rg5 g3 78. c5+ Kc6 79. Kb3 Kb5 80. c6+ Kxc6 81. Kc4 g2 82. Rg6+ Kd7 83. Rg3 Kc6 84. Rg5 Kd6 85. Rd5+ Ke6 86. Rg5 Kd6 87. Rg6+ Ke5 88. Kc5 Rc1 89. Rg5+ Kf4 90. Rxg2 Rxc3+ 1/2-1/2

[Event "VIE-ch (Women)"]
[Site "Vung Tau"]
[Date "2023.03.05"]
[Round "5"]
[White "Vo, Thi Kim Phung"]
[Black "Hoang, Thi Bao Tram"]
[Result "1-0"]
[WhiteElo "2352"]
[BlackElo "2283"]
[PlyCount "41"]
[EventDate "2023.03.03"]
[EventType "swiss"]
[EventRounds "9"]
[EventCountry "VIE"]
[SourceTitle "EXT 2024"]
[Source "ChessBase"]
[SourceDate "2023.10.10"]
[SourceVersion "1"]
[SourceVersionDate "2023.10.10"]
[SourceQuality "1"]

1. e4 c6 2. Nc3 d5 3. Nf3 dxe4 4. Nxe4 Nf6 5. Qe2 Nxe4 6. Qxe4 Nd7 7. d4 Nf6 8. Qf4 g6 9. Bd3 Bg7 10. 0-0 0-0 11. Re1 Nd5 12. Qh4 Bf6 13. Bg5 e6 14. c4 Bxg5 15. Nxg5 Nf6 16. Re3 Kg7 17. Rh3 h5 18. Rg3 Rg8 19. Qf4 Qe7 20. Rf3 b5 21. Qe5 1-0

[Event "Asian Continental Blitz op (Women) 19th"]
[Site "Delhi"]
[Date "2022.11.03"]
[Round "9"]
[White "Padmini, Rout"]
[Black "Vo, Thi Kim Phung"]
[Result "0-1"]
[WhiteElo "2390"]
[BlackElo "2335"]
[PlyCount "182"]
[EventDate "2022.11.03"]
[EventType "swiss (blitz)"]
[EventRounds "9"]
[EventCountry "IND"]
[SourceTitle "EXT 2024"]
[Source "ChessBase"]
[SourceDate "2023.10.10"]
[SourceVersion "1"]
[SourceVersionDate "2023.10.10"]
[SourceQuality "1"]

1. e4 e6 2. d4 d5 3. Nc3 Nf6 4. e5 Nfd7 5. f4 c5 6. Nf3 Nc6 7. Be3 Be7 8. Qd2 c4 9. Be2 b5 10. 0-0 b4 11. Nd1 Nb6 12. c3 a5 13. b3 a4 14. bxc4 dxc4 15. d5 exd5 16. Nd4 Nxd4 17. Qxd4 Ra6 18. cxb4 Bxb4 19. Rb1 Ba5 20. Nc3 0-0 21. f5 Bxc3 22. Qxc3 Nd7 23. Bd4 Re8 24. f6 Qa5 25. Qg3 g6 26. Qe3 Kh8 27. Qh6 Rg8 28. Bg4 Qc7 29. Bxd7 Bxd7 30. Qg5 Bf5 31. Rbc1 Qc8 32. Rf4 Re6 33. Rh4 Qf8 34. Rh6 Bd3 35. Rc3 a3 36. Rxd3 cxd3 37. Qh4 Rg7 38. fxg7+ Qxg7 39. Qd8+ Qg8 40. Qxg8+ Kxg8 41. Rh3 f6 42. Rxd3 fxe5 43. Bc5 d4 44. Rxa3 Rc6 45. Bb4 Kf7 46. Ra7+ Ke6 47. a4 Rc4 48. Bd2 Rc2 49. Bg5 Kf5 50. h4 e4 51. Rd7 d3 52. Rd4 Ra2 53. Kh2 h5 54. Rd5+ Kg4 55. Re5 Re2 56. a5 d2 57. Rd5 e3 58. Bxe3 Rxe3 59. Rxd2 Ra3 60. Rd4+ Kf5 61. Rd5+ Kg4 62. Rd4+ Kf5 63. Rd5+ Kg4 64. Rd4+ Kf5 65. Rd5+ Kg4 66. Rd4+ Kf5 67. Rd5+ Kg4 68. Rd4+ Kf5 69. Rd5+ Kg4 70. Rg5+ Kf4 71. Rxg6 Rxa5 72. g3+ Kf3 73. Rf6+ Ke3 74. Kh3 Ke4 75. Rg6 Rc5 76. Rf6 Ke5 77. Rg6 Ke4 78. Kg2 Rc2+ 79. Kh3 Rc5 80. Re6+ Kf5 81. Rh6 Ke4 82. Rf6 Ke5 83. Rf4 Rc2 84. Rf3 Rb2 85. Rf8 Ke6 86. Rh8 Rb5 87. Re8+ Kf7 88. Kg2 Kxe8 89. Kf3 Kf7 90. Kf4 Kf6 91. Kf3 Rb4 0-1

[Event "Asian Continental Blitz op (Women) 19th"]
[Site "Delhi"]
[Date "2022.11.03"]
[Round "2"]
[White "Vo, Thi Kim Phung"]
[Black "Bommini, Mounika Akshaya"]
[Result "1/2-1/2"]
[WhiteElo "2335"]
[BlackElo "2160"]
[PlyCount "188"]
[EventDate "2022.11.03"]
[EventType "swiss (blitz)"]
[EventRounds "9"]
[EventCountry "IND"]
[SourceTitle "EXT 2024"]
[Source "ChessBase"]
[SourceDate "2023.10.10"]
[SourceVersion "1"]
[SourceVersionDate "2023.10.10"]
[SourceQuality "1"]

1. d4 Nf6 2. c4 c5 3. d5 e6 4. Nc3 exd5 5. cxd5 g6 6. Nf3 Bg7 7. e4 d6 8. Nd2 0-0 9. Be2 a6 10. a4 Nbd7 11. 0-0 Ne8 12. h3 Rb8 13. f4 Nc7 14. Nc4 Qe7 15. e5 Ne8 16. exd6 Nxd6 17. Nxd6 Bd4+ 18. Kh1 Qxd6 19. Bf3 f5 20. a5 b5 21. axb6 Nxb6 22. Ne2 Bg7 23. Qc2 Nxd5 24. Qc4 Be6 25. Rxa6 Rb6 26. Rxb6 Nxb6 27. Qc2 Rd8 28. Be3 Nc4 29. Bf2 Bxb2 30. Rb1 Bf6 31. Rb7 Bd5 32. Bxd5+ Qxd5 33. Rb5 Qd1+ 34. Qxd1 Rxd1+ 35. Ng1 Bd4 36. Bxd4 cxd4 37. Kh2 Ne3 38. Nf3 Nf1+ 39. Kg1 Nd2+ 40. Kf2 Nxf3 41. Kxf3 Kf7 42. Rb7+ Ke6 43. Rxh7 Rd3+ 44. Ke2 Re3+ 45. Kf2 Ra3 46. Rg7 Kf6 47. Rd7 Ra2+ 48. Kf3 Ra3+ 49. Kf2 Ra2+ 50. Kg3 Ra3+ 51. Kf2 Ra2+ 52. Kg3 Ra3+ 53. Kf2 Ra2+ 54. Kf1 Ra1+ 55. Kf2 Ra2+ 56. Kg3 Ra3+ 57. Kh2 Rd3 58. Kg1 Rd1+ 59. Kf2 Rd2+ 60. Kf3 Ke6 61. Rd8 Ke7 62. Rd5 Ke6 63. Rd8 Ke7 64. Rg8 Kf7 65. Rd8 Ke7 66. Rd5 Ke6 67. Re5+ Kf6 68. h4 Rd3+ 69. Kf2 Ra3 70. Rd5 Ra2+ 71. Kg3 Ra3+ 72. Kh2 Ra4 73. Rd6+ Kf7 74. g3 Ra2+ 75. Kh3 Rd2 76. h5 gxh5 77. Kh4 Ke7 78. Rd5 Kf6 79. Rd6+ Ke7 80. Rd5 Ke6 81. Rd8 Kf6 82. Rd6+ Ke7 83. Rd5 Ke6 84. Rd8 Rh2+ 85. Kg5 Rh3 86. Rxd4 Rxg3+ 87. Kxh5 Rg4 88. Ra4 Kd5 89. Rb4 Kc5 90. Ra4 Kb5 91. Rd4 Kc5 92. Ra4 Kb5 93. Rd4 Kc5 94. Ra4 Kb5 1/2-1/2

[Event "Asian Continental Blitz op (Women) 19th"]
[Site "Delhi"]
[Date "2022.11.03"]
[Round "6"]
[White "Vo, Thi Kim Phung"]
[Black "Shohradova, Lala"]
[Result "1-0"]
[WhiteElo "2335"]
[BlackElo "1856"]
[PlyCount "195"]
[EventDate "2022.11.03"]
[EventType "swiss (blitz)"]
[EventRounds "9"]
[EventCountry "IND"]
[SourceTitle "EXT 2024"]
[Source "ChessBase"]
[SourceDate "2023.10.10"]
[SourceVersion "1"]
[SourceVersionDate "2023.10.10"]
[SourceQuality "1"]

1. d4 Nf6 2. c4 c5 3. d5 b5 4. cxb5 a6 5. bxa6 Bxa6 6. Nc3 g6 7. Nf3 d6 8. e4 Bxf1 9. Kxf1 Bg7 10. g3 0-0 11. Kg2 Nbd7 12. Re1 Nb6 13. Qc2 Nfd7 14. Bg5 h6 15. Bf4 Nc4 16. a4 Qa5 17. Bd2 Rfb8 18. Ra2 Rb4 19. b3 Nxd2 20. Nxd2 Bxc3 21. Qxc3 Rxa4 22. Rxa4 Qxc3 23. Rxa8+ Kg7 24. Ra2 Ne5 25. Re3 Qd4 26. Nf3 Nxf3 27. Kxf3 f5 28. exf5 Qxd5+ 29. Ke2 Kf6 30. Ra7 gxf5 31. Raxe7 c4 32. bxc4 Qxc4+ 33. Ke1 Qc1+ 34. Ke2 Qc2+ 35. Kf1 Qc4+ 36. Kg2 Qd5+ 37. f3 h5 38. h4 Qd2+ 39. Re2 Qd5 40. Re8 Qb3 41. R8e3 Qd5 42. Re8 Qb3 43. R8e3 Qd5 44. Re8 Qb3 45. f4 Qd5+ 46. Kh2 Qb3 47. Rf8+ Kg6 48. Rd8 Qd5 49. Rde8 Kf6 50. Rf8+ Kg6 51. Rfe8 Kf6 52. R8e3 Qf7 53. Rd3 Qc7 54. Red2 Ke6 55. Kg2 Qc6+ 56. Kf2 Qc5+ 57. Ke2 Qc4 58. Kf2 Qc5+ 59. Kg2 Qc6+ 60. Kh2 Ke7 61. Re3+ Kf6 62. Rde2 Qd5 63. Re8 Qb3 64. Rf8+ Kg6 65. Rd2 Qb4 66. Re2 Qc4 67. Rfe8 Kf6 68. R8e7 Qd5 69. Re8 Qb3 70. Rd2 Qb4 71. Ree2 Kf7 72. Rd5 Qc4 73. Red2 Qb4 74. Rxd6 Qe4 75. R6d4 Qe3 76. Rd7+ Ke8 77. R7d5 Kf7 78. Rxf5+ Kg6 79. Rfd5 Qf3 80. Rd6+ Kf7 81. R6d3 Qc6 82. Re2 Qc4 83. Rde3 Kf6 84. Re6+ Kf5 85. R6e5+ Kg4 86. R5e3 Qd5 87. Kg1 Qd1+ 88. Kf2 Qh1 89. Re5 Qh2+ 90. Ke1 Qg1+ 91. Kd2 Qd4+ 92. Kc2 Qc4+ 93. Kd1 Kxg3 94. f5 Kxh4 95. R5e4+ Qxe4 96. Rxe4+ Kg3 97. f6 h4 98. f7 1-0

[Event "Asian Continental Blitz op (Women) 19th"]
[Site "Delhi"]
[Date "2022.11.03"]
[Round "4"]
[White "Vo, Thi Kim Phung"]
[Black "Varshini, Veileven"]
[Result "1-0"]
[WhiteElo "2335"]
[BlackElo "2137"]
[PlyCount "49"]
[EventDate "2022.11.03"]
[EventType "swiss (blitz)"]
[EventRounds "9"]
[EventCountry "IND"]
[SourceTitle "EXT 2024"]
[Source "ChessBase"]
[SourceDate "2023.10.10"]
[SourceVersion "1"]
[SourceVersionDate "2023.10.10"]
[SourceQuality "1"]

1. d4 d5 2. c4 e6 3. Nc3 Nf6 4. Bg5 Be7 5. e3 h6 6. Bh4 0-0 7. cxd5 exd5 8. Bd3 Nbd7 9. Qc2 c6 10. Nf3 Re8 11. 0-0 Ne4 12. Bxe4 dxe4 13. Qxe4 Bxh4 14. Qxh4 Nf6 15. Ne5 Qb6 16. b3 Qb4 17. Rac1 Bf5 18. h3 Rad8 19. Qf4 Bh7 20. Na4 Re7 21. Nc5 Nd5 22. Qg3 Qb6 23. Nc4 Qb5 24. Rfd1 Nb4 25. a4 1-0

[Event "Asian Continental op (Women) 19th"]
[Site "Delhi"]
[Date "2022.10.31"]
[Round "6"]
[White "Vo, Thi Kim Phung"]
[Black "Gomes, Mary Ann"]
[Result "1/2-1/2"]
[WhiteElo "2335"]
[BlackElo "2324"]
[PlyCount "115"]
[EventDate "2022.10.26"]
[EventType "swiss"]
[EventRounds "9"]
[EventCountry "IND"]
[SourceTitle "EXT 2024"]
[Source "ChessBase"]
[SourceDate "2023.10.10"]
[SourceVersion "1"]
[SourceVersionDate "2023.10.10"]
[SourceQuality "1"]

1. d4 Nf6 2. c4 e6 3. Nf3 Bb4+ 4. Bd2 Qe7 5. g3 Bxd2+ 6. Qxd2 b6 7. Nc3 Bb7 8. d5 Na6 9. Bg2 exd5 10. cxd5 Nc5 11. Nh4 Nce4 12. Nxe4 Nxe4 13. Qd4 Nd6 14. Qxg7 0-0-0 15. e3 Ba6 16. Qd4 Kb8 17. 0-0-0 f5 18. Rhe1 Rhg8 19. Kb1 Rde8 20. f3 Qf7 21. Bf1 Bxf1 22. Rxf1 Qg7 23. Qxg7 Rxg7 24. Rfe1 Rge7 25. Rd3 Re5 26. b3 Kb7 27. Kb2 b5 28. Ng2 Kb6 29. h3 Rf8 30. Rh1 Re7 31. Nh4 Rfe8 32. Re1 h5 33. g4 hxg4 34. hxg4 fxg4 35. fxg4 Re4 36. Rg1 Rg8 37. Rd4 Rxe3 38. g5 Ne4 39. g6 Re2+ 40. Kc1 Rxa2 41. Rg4 Nc3 42. Rd3 Re8 43. Nf3 Ree2 44. Rd2 Rb2 45. Rxe2 Rxe2 46. Nd2 Nxd5 47. g7 Ne7 48. g8Q Nxg8 49. Rxg8 a5 50. Kc2 Re3 51. Nb1 d5 52. Nc3 c6 53. Nd1 Rf3 54. Nb2 Rf2+ 55. Kc1 Rf3 56. Kc2 Rf2+ 57. Kc1 Rf3 58. Kc2 1/2-1/2

[Event "Asian Continental op (Women) 19th"]
[Site "Delhi"]
[Date "2022.10.29"]
[Round "4"]
[White "Vo, Thi Kim Phung"]
[Black "Kurmangaliyeva, Liya"]
[Result "1-0"]
[WhiteElo "2335"]
[BlackElo "2199"]
[PlyCount "61"]
[EventDate "2022.10.26"]
[EventType "swiss"]
[EventRounds "9"]
[EventCountry "IND"]
[SourceTitle "EXT 2024"]
[Source "ChessBase"]
[SourceDate "2023.10.10"]
[SourceVersion "1"]
[SourceVersionDate "2023.10.10"]
[SourceQuality "1"]

1. d4 Nf6 2. c4 e6 3. Nc3 Bb4 4. Nf3 c5 5. d5 Bxc3+ 6. bxc3 d6 7. Qd3 e5 8. e4 h6 9. Be2 Nbd7 10. Nd2 Nf8 11. h4 h5 12. a4 Bd7 13. g3 Qc7 14. Nf3 N8h7 15. Ng5 g6 16. Bd2 Rf8 17. 0-0 Nxg5 18. hxg5 Nh7 19. f4 0-0-0 20. fxe5 dxe5 21. Rf2 Qd6 22. a5 f5 23. gxf6 Rxf6 24. Rxf6 Nxf6 25. Rf1 Bh3 26. Rf2 Rf8 27. Bh6 Rg8 28. Qe3 g5 29. Bxg5 Nxe4 30. Qxe4 Rxg5 31. Qh4 1-0

[Event "Asian Continental op (Women) 19th"]
[Site "Delhi"]
[Date "2022.10.28"]
[Round "3"]
[White "Pandey, Srishti"]
[Black "Vo, Thi Kim Phung"]
[Result "0-1"]
[WhiteElo "2213"]
[BlackElo "2335"]
[PlyCount "84"]
[EventDate "2022.10.26"]
[EventType "swiss"]
[EventRounds "9"]
[EventCountry "IND"]
[SourceTitle "EXT 2024"]
[Source "ChessBase"]
[SourceDate "2023.10.10"]
[SourceVersion "1"]
[SourceVersionDate "2023.10.10"]
[SourceQuality "1"]

1. d4 Nf6 2. c4 e6 3. Nf3 d5 4. Nc3 Bb4 5. cxd5 exd5 6. Bg5 h6 7. Bxf6 Qxf6 8. e3 c6 9. Be2 0-0 10. 0-0 Nd7 11. Qc2 Re8 12. Rad1 Qd8 13. Bd3 Bd6 14. Rfe1 Nf6 15. h3 Bd7 16. e4 dxe4 17. Nxe4 Nxe4 18. Rxe4 Rxe4 19. Bxe4 Qf6 20. a3 Rd8 21. Qa4 Qf4 22. Re1 Re8 23. Qc2 Kf8 24. Re3 Qf6 25. Qb3 Bc8 26. Qa4 Bf4 27. Re1 a6 28. Qa5 Qd8 29. Qc3 Qd6 30. b4 Be6 31. Bc2 Rd8 32. Bb3 Bxb3 33. Qxb3 Qd5 34. Qc3 Bd6 35. Re2 Re8 36. Rxe8+ Kxe8 37. Qd3 a5 38. Qe3+ Kf8 39. bxa5 Qxa5 40. Ne5 Qxa3 41. g3 Qxe3 42. fxe3 Bxe5 0-1

[Event "Olympiad Women-44"]
[Site "Chennai"]
[Date "2022.08.08"]
[Round "10.1"]
[White "Frayna, Janelle Mae"]
[Black "Vo, Thi Kim Phung"]
[Result "1-0"]
[WhiteElo "2224"]
[BlackElo "2333"]
[PlyCount "129"]
[EventDate "2022.07.29"]
[EventType "team-swiss"]
[EventRounds "11"]
[EventCountry "IND"]
[SourceTitle "CBM 210"]
[Source "ChessBase"]
[SourceDate "2022.10.31"]
[SourceVersion "1"]
[SourceVersionDate "2022.10.31"]
[SourceQuality "1"]
[WhiteTeam "Philippines (W)"]
[BlackTeam "Vietnam (W)"]
[WhiteTeamCountry "PHI"]
[BlackTeamCountry "VIE"]

1. e4 e6 2. d4 d5 3. Nd2 c5 4. Ngf3 cxd4 5. Nxd4 Nf6 6. exd5 Nxd5 7. N2f3 a6 8. c4 Nf6 9. Be2 e5 10. Nb3 Qxd1+ 11. Bxd1 Bb4+ 12. Bd2 Bxd2+ 13. Nfxd2 Nc6 14. Bf3 Nb4 15. 0-0 0-0 16. Nc5 Rb8 17. a3 Nc2 18. Rac1 Nd4 19. b4 Rd8 20. Rfe1 b6 21. Ncb3 Nxb3 22. Nxb3 Rd3 23. Red1 Rxd1+ 24. Bxd1 Be6 25. c5 Bxb3 26. Bxb3 Rc8 27. Bc4 b5 28. Bb3 Rd8 29. f3 Kf8 30. Rd1 Rxd1+ 31. Bxd1 Nd5 32. Bb3 Nc7 33. Kf2 Ke7 34. g4 h6 35. Ke3 g6 36. Ke4 f6 37. h4 Ne6 38. Bd5 Nd4 39. f4 Nc2 40. fxe5 fxe5 41. Kxe5 Nxa3 42. Be4 Nc4+ 43. Kd4 g5 44. hxg5 hxg5 45. Bd5 Nd2 46. Ke5 Nf1 47. Bb7 Ne3 48. Bxa6 Nxg4+ 49. Kd4 Nf6 50. Bxb5 g4 51. Bc6 g3 52. b5 Nd7 53. Bg2 Kd8 54. b6 Kc8 55. Kd5 Nf6+ 56. Kd6 Ne8+ 57. Ke5 Kd7 58. c6+ Kc8 59. Bh3+ Kb8 60. Ke6 g2 61. Bxg2 Kc8 62. Ke7 Nc7 63. Bh3+ Kb8 64. bxc7+ Kxc7 65. Bd7 1-0

[Event "Olympiad Women-44"]
[Site "Chennai"]
[Date "2022.08.03"]
[Round "6.1"]
[White "Vo, Thi Kim Phung"]
[Black "Hoang, Thanh Trang"]
[Result "1/2-1/2"]
[WhiteElo "2333"]
[BlackElo "2376"]
[PlyCount "72"]
[EventDate "2022.07.29"]
[EventType "team-swiss"]
[EventRounds "11"]
[EventCountry "IND"]
[SourceTitle "CBM 210"]
[Source "ChessBase"]
[SourceDate "2022.10.31"]
[SourceVersion "1"]
[SourceVersionDate "2022.10.31"]
[SourceQuality "1"]
[WhiteTeam "Vietnam (W)"]
[BlackTeam "Hungary (W)"]
[WhiteTeamCountry "VIE"]
[BlackTeamCountry "HUN"]

1. d4 d5 2. c4 e6 3. Nc3 a6 4. cxd5 exd5 5. Nf3 Nf6 6. Bg5 Be6 7. e3 Nbd7 8. Be2 Bd6 9. 0-0 0-0 10. Rc1 h6 11. Bh4 c6 12. Na4 Qc7 13. Nc5 Bg4 14. Nxd7 Nxd7 15. Bg3 Bxg3 16. hxg3 Rfe8 17. Re1 Qd6 18. Qb3 Rab8 19. Bd3 Qf6 20. Nh2 Bf5 21. Bxf5 Qxf5 22. Qc2 Qxc2 23. Rxc2 Kf8 24. Nf3 Nb6 25. Ne5 f6 26. Nd3 Nc4 27. b3 Nd6 28. g4 Re7 29. f3 Rbe8 30. Kf2 Kf7 31. a4 g6 32. Nf4 Kg7 33. Rce2 Kf7 34. Rh1 Kg7 35. Rhe1 Kf7 36. Rh1 Kg7 1/2-1/2

[Event "Olympiad Women-44"]
[Site "Chennai"]
[Date "2022.08.01"]
[Round "4.1"]
[White "Vo, Thi Kim Phung"]
[Black "Gomez Barrera, Javiera Belen"]
[Result "1-0"]
[WhiteElo "2333"]
[BlackElo "2210"]
[PlyCount "101"]
[EventDate "2022.07.29"]
[EventType "team-swiss"]
[EventRounds "11"]
[EventCountry "IND"]
[SourceTitle "CBM 210"]
[Source "ChessBase"]
[SourceDate "2022.10.31"]
[SourceVersion "1"]
[SourceVersionDate "2022.10.31"]
[SourceQuality "1"]
[WhiteTeam "Vietnam (W)"]
[BlackTeam "Chile (W)"]
[WhiteTeamCountry "VIE"]
[BlackTeamCountry "CHI"]

1. d4 Nf6 2. c4 g6 3. Nc3 d5 4. cxd5 Nxd5 5. e4 Nxc3 6. bxc3 Bg7 7. Bc4 c5 8. Ne2 Nc6 9. Be3 0-0 10. 0-0 b6 11. Bd5 Bb7 12. dxc5 e6 13. Bxc6 Qxd1 14. Rfxd1 Bxc6 15. cxb6 axb6 16. f3 Bb5 17. Nd4 Bc4 18. a4 Ra6 19. Rab1 Rc8 20. Nc6 Kf8 21. Rd6 Ke8 22. Rbd1 Raa8 23. Bxb6 Bb3 24. Rd8+ Rxd8 25. Rxd8+ Rxd8 26. Nxd8 Bxa4 27. c4 Bd4+ 28. Bxd4 Kxd8 29. Bf6+ Kd7 30. e5 Kc6 31. Be7 Bb3 32. c5 Kd5 33. Bd6 Ba4 34. Kf2 Kd4 35. Kg3 Bc6 36. Kf4 h6 37. h4 Bb7 38. Bf8 g5+ 39. hxg5 hxg5+ 40. Kxg5 Kxe5 41. Bd6+ Kd5 42. Kf6 Kc6 43. Kxf7 Kd7 44. Kf6 Bd5 45. Be5 Ke8 46. g4 Bxf3 47. g5 Bg4 48. g6 Bf5 49. c6 Be4 50. g7 Bh7 51. c7 1-0

[Event "Olympiad Women-44"]
[Site "Chennai"]
[Date "2022.07.29"]
[Round "1.1"]
[White "Vo, Thi Kim Phung"]
[Black "Chuemsakul, Sarocha"]
[Result "1-0"]
[WhiteElo "2333"]
[BlackElo "1684"]
[PlyCount "83"]
[EventDate "2022.07.29"]
[EventType "team-swiss"]
[EventRounds "11"]
[EventCountry "IND"]
[SourceTitle "CBM 210"]
[Source "ChessBase"]
[SourceDate "2022.10.31"]
[SourceVersion "1"]
[SourceVersionDate "2022.10.31"]
[SourceQuality "1"]
[WhiteTeam "Vietnam (W)"]
[BlackTeam "Thailand (W)"]
[WhiteTeamCountry "VIE"]
[BlackTeamCountry "THA"]

1. d4 Nf6 2. c4 e6 3. Nc3 d5 4. Bg5 Be7 5. e3 Nbd7 6. Nf3 0-0 7. Qc2 Re8 8. cxd5 exd5 9. Bd3 c6 10. 0-0 h6 11. Bf4 Nh5 12. Nxd5 Nxf4 13. Nxf4 Bd6 14. Rfd1 Qc7 15. Nh5 Nb6 16. e4 Bg4 17. Ng3 Bf4 18. Be2 Qe7 19. e5 Bxg3 20. hxg3 Nd5 21. Nh4 Bxe2 22. Qxe2 g6 23. Rac1 Kg7 24. Qd3 Rad8 25. a3 a5 26. Qb3 Ra8 27. Nf3 Rec8 28. Nd2 a4 29. Qf3 h5 30. Ne4 Rh8 31. Nc3 Nb6 32. d5 Nc4 33. Qf6+ Qxf6 34. exf6+ Kh6 35. dxc6 bxc6 36. Ne4 Ne5 37. Rc5 Ng4 38. f3 Ne3 39. Rd3 Nd5 40. Rxc6 Rhd8 41. Nd6 Rd7 42. Rxd5 1-0